000 00324nam a2200133Ia 4500
005 20260328101526.0
008 260328s9999||||xx |||||||||||||| ||und||
100 _aCrawford, J.H.
245 0 _aCarfree Cities /
_cJ.H. Crawford
260 _bInternational Books
300 _a323 p.
650 _aDISEÑO URBANO
942 _cBK
999 _c9774
_d9774